00368nam a2200133Ia 4500008004100000020001500041041001200056082001600068100001500084245007100099260004000170300000800210650001600218221030s9999 xx 000 0 und d a817808984X aEnglish a105.23bLev aA. Levitin 0aIntroduction to the Design & Analysis of Algorithmscby A. Levitin bPearson EducationaNew Delhic2004 a497 aBE Computer